The Philippines a unique nation : (Record no. 18803)
[ view plain ]
| 000 -LEADER | |
|---|---|
| fixed length control field | 00679nam a22002057a 4500 |
| 003 - CONTROL NUMBER IDENTIFIER | |
| control field | OSt |
| 005 - DATE AND TIME OF LATEST TRANSACTION | |
| control field | 20140310183107.0 |
| 008 - FIXED-LENGTH DATA ELEMENTS--GENERAL INFORMATION | |
| fixed length control field | 130305t xxu||||| |||| 00| 0 eng d |
| 020 ## - INTERNATIONAL STANDARD BOOK NUMBER | |
| International Standard Book Number | 9716420714 |
| 050 ## - LIBRARY OF CONGRESS CALL NUMBER | |
| Classification number | DS 686.5 |
| Item number | .Z35 1999 |
| 100 ## - MAIN ENTRY--PERSONAL NAME | |
| Personal name | Zaide, Sonia M. |
| 245 ## - TITLE STATEMENT | |
| Title | The Philippines a unique nation : |
| Remainder of title | with Gregorio F. Zaides history of the republic of the philippines / |
| Statement of responsibility, etc | Sonia M. Zaide ; with Gregorio F. Zaide's History of the Republic of the Philippines |
| 250 ## - EDITION STATEMENT | |
| Edition statement | 2nd ed. |
| 260 ## - PUBLICATION, DISTRIBUTION, ETC. (IMPRINT) | |
| Place of publication, distribution, etc | Quezon City: |
| Name of publisher, distributor, etc | All-Nations Pub., |
| Date of publication, distribution, etc | 1999. |
| 300 ## - PHYSICAL DESCRIPTION | |
| Extent | 478 p. : |
| Dimensions | 23 cm. |
| 650 ## - SUBJECT ADDED ENTRY--TOPICAL TERM | |
| Topical term or geographic name as entry element | History |
| General subdivision | Philippines |
| 942 ## - ADDED ENTRY ELEMENTS (KOHA) | |
| Source of classification or shelving scheme | Library of Congress Classification |
| Koha item type | Books |
| Call number prefix | Local |
| Withdrawn status | Lost status | Source of classification or shelving scheme | Damaged status | Home library | Current library | Shelving location | Date acquired | Total Checkouts | Full call number | Barcode | Date last seen | Date checked out | Copy number | Price effective from | Koha item type | Source of acquisition | Total Renewals |
|---|---|---|---|---|---|---|---|---|---|---|---|---|---|---|---|---|---|
| Library of Congress Classification | Archives | Archives | 12/14/2013 | 1 | DS 686.5 .Z35 1999 | C5059 | 05/08/2018 | 09/06/2017 | 2 | 12/14/2013 | Books | Donation | 3 | ||||
| Library of Congress Classification | College Library | College Library | Filipiniana Section | 03/05/2013 | 1 | DS 686.5 .Z35 1999 | C0506 | 04/29/2019 | 04/23/2019 | 1 | 03/10/2014 | Books |